000 00802nam a22002297a 4500
008 090205t xxu||||| |||| 00| 0 eng d
010 _aENG-92875
020 _c80.00
035 _aEN-76408
037 _bDBAD / PUB
040 _adpl
_bEnglish
082 _a338.954
100 _aKarnan, A.
245 _aRural industrialisation /
_cby A. Karnan
260 _aPerambalur
_bMercury Printers & Publishers
_c2007
300 _a116p.
_c20cm (pbk)
500 _aIncludes references
650 _aIndustrial promotion
_zIndia
650 _aRural Industries
_zIndia
942 _2ddc
_cEN
_mKAR
_h338.954
999 _c23069
_d23069